| 000 | 00617nam a22001697a 4500 | ||
|---|---|---|---|
| 999 |
_c191867 _d191867 |
||
| 005 | 20220906110601.0 | ||
| 010 | _aENG-134932 | ||
| 020 |
_a9789381899038 _c1500.00 |
||
| 035 | _aEN-118464 | ||
| 037 | _bDBAD/PUB | ||
| 082 | _a004 | ||
| 245 |
_aFirst International Conference on Innovations in Contemporary IT Research ICITR-2012 17th and 18th February 2012/ _cEdited Ananthi Sheshasaayee [et.al...] |
||
| 260 |
_aChennai _bSakthi Pathippagam _c2012 |
||
| 270 |
_a12, Anna Street, Chitlapakkam _bChennai _e600064 _msakthiclassics@yahoo.in |
||
| 300 |
_avp. _c29cm(pbk) |
||
| 942 |
_2ddc _cEN _h004 _mFIR |
||